Cooperar en la escuela: La responsabilidad de educar para la democracia
Uloženo v:
| Hlavní autoři: | , , , , , , , , , , , , |
|---|---|
| Médium: | Kniha |
| Jazyk: | španělština |
| Vydáno: |
Barcelona
Graó
1998
|
| Vydání: | 1a. ed |
| Edice: | Biblioteca de Aula, 132
|
| Témata: | |
| Tagy: |
Přidat tag
Žádné tagy, Buďte první, kdo vytvoří štítek k tomuto záznamu!
|
MARC
| LEADER | 00000nam a2200000 a 4500 | ||
|---|---|---|---|
| 001 | UCH9347 | ||
| 003 | CL-VaPUC | ||
| 008 | 091231e19980900SP |||||||||||||||||spa|d | ||
| 020 | |a 847827197X | ||
| 082 | 0 | 4 | |a 370.115 |b MIR |2 21 |
| 100 | |a Mir Maristany, Clara |e autora |9 546353 | ||
| 700 | 0 | |a Casteleiro Borrego, José María |e author |9 546354 | |
| 700 | 0 | |a Castelló Tarrida, Toni |e author |9 546355 | |
| 700 | 0 | |a Cirera, Imma |e author |9 546356 | |
| 700 | 0 | |a García López, María Teresa |e author |9 546357 | |
| 700 | 0 | |a Jorba, Aleix |e author |9 546358 | |
| 700 | 0 | |a Leciñena, Marisa |e author |9 546359 | |
| 700 | 0 | |a Molina Simó, Lurdes |e author |9 546360 | |
| 700 | 0 | |a Pardo Múgica, Ana María |e author |9 546361 | |
| 700 | 0 | |a Rué, Joan |e author |9 546362 | |
| 700 | 0 | |a Torredemer Taló, Mariona |e author |9 546363 | |
| 700 | 0 | |a Vila Mendiburu, Ignasi |e author |9 546364 | |
| 700 | 0 | |a Bradshaw, Catherine P |e author |9 546365 | |
| 245 | 1 | 0 | |a Cooperar en la escuela: La responsabilidad de educar para la democracia |
| 250 | |a 1a. ed | ||
| 300 | |a 180 p | ||
| 942 | |c BK | ||
| 945 | |d 20091231 00:00:00 |a dcastane | ||
| 260 | |a Barcelona |b Graó |c 1998 | ||
| 650 | 0 | |a Educación y democracia |9 466060 | |
| 650 | 7 | |a EDUCACION SOCIAL |2 CL-VaPUC |9 330279 | |
| 650 | 7 | |a EDUCACION SIGLO 21 |2 CL-VaPUC |9 339410 | |
| 583 | |a last modification |c 20091231 00:00:00 |k Rodrigo Vera | ||
| 490 | 0 | |a Biblioteca de Aula, 132 | |
| 999 | |c 339336 |d 339334 | ||
| 952 | |0 0 |1 0 |4 0 |6 370_115000000000000_MIR_1998 |7 0 |8 A |9 432930 |a BIBEDU |b BIBEDU |d 2019-11-22 |i 4630637 |o 370.115 MIR 1998 |p 4630637 |r 2019-11-22 |w 2019-11-22 |y BK |k PSI | ||